Statistics for Airports Named for People #1

Click here to take the quiz!

General Stats

  • This quiz has been taken 49,383 times
    (45,298 since last reset)
  • The average score is 13 of 21

Answer Stats

PersonCity% Correct
Charles de GaulleParis
96%
Fiorello La GuardiaNew York
92%
Leonardo da VinciRome
89%
Edward O'HareChicago
82%
Indira GandhiDelhi
80%
John LennonLiverpool
75%
Ronald ReaganWashington D.C.
72%
George BushHouston
70%
Mustafa AtaturkIstanbul
70%
Marco PoloVenice
61%
Benito JuárezMexico City
60%
Louis ArmstrongNew Orleans
59%
Imam KhomeiniTehran
59%
Edward LoganBoston
57%
David Ben-GurionTel Aviv
57%
W. A. MozartSalzburg
49%
Antônio Carlos JobimRio de Janeiro
42%
George BestBelfast
41%
John Paul IIKrakow
38%
Ninoy AquinoManila
38%
Lester PearsonToronto
37%

Score Distribution

Percentile by Number Answered

Percent of People with Each Score

Your Score History

You have not taken this quiz since the last reset